00646nam a2200169 a 450000100100000000500170001000800410002704000250006808200200009310000340011324501090014725000110025626000670026730000200033450000790035450000430043300003511920200930074121.0111025s1909 sp 000 0 spa d aDO-SdBNPbspacBNPHU axxxxbE18, 19091 aEchegaray, Miguel,d1870-192213aLa rabalera :bzarzuela en un acto y tres cuadros, en prosa /cMiguel Echegharay ;música Amadeo Vives. a2a ed. aMadrid :bR. Velasco, impresor, Marqués de Santa Ana,c1909. a41 p. ;c20 cm. aEstrenada en el Teatro de la Zarzuela en la noche del 22 de marzo de 1907. aIncluye notas al pie de las páginas.